Countries Closest to Antigua and Barbuda - Sudden Death - Statistics

General Stats
  • This quiz has been taken 18 times
    11 since last reset
  • The average score is 7 of 15
Answers on the Grid
Answers color-coded by a green-red scale on the quiz's grid according to % correct below.
Saint Kitts and Nevis
Dominica
Saint Lucia
Saint Vincent and the Grenadines
Barbados
Grenada
Trinidad and Tobago
Dominican Republic
Venezuela
Venezuela Haiti
Guyana
Colombia
Bahamas
Cuba
Brazil
United States
Canada
Jamaica
Mexico
Belize
Guatemala
Honduras
El Salvador
Nicaragua
Costa Rica
Panama
Argentina
Peru
Bolivia
Paraguay
 
Answer Stats
Answer % Correct
Saint Kitts and Nevis
100%
Dominica
75%
Saint Lucia
75%
Dominican Republic
63%
Grenada
63%
Saint Vincent and the Grenadines
63%
Bahamas
50%
Cuba
50%
Barbados
38%
Trinidad and Tobago
38%
Venezuela Haiti
38%
Colombia
25%
Venezuela
13%
Brazil
0%
Guyana
0%
No matching quizzes found
Score Distribution
Percent of People with Each Score
Percentile by Number Answered
Your Score History
You have not taken this quiz since the last reset